[Event "Open Olomouc 2009"]
[Site "Olomouc (CZE)"]
[Date "2009.08.09"]
[Round "5.10"]
[White "Ilandzis, Spyridon"]
[Black "Gunajew, Rafal"]
[Result "1-0"]
[WhiteElo "2173"]
[BlackElo "2280"]
[PlyCount "89"]
[EventDate "2009.08.06"]

1. d4 d5 2. c4 e6 3. Nc3 c6 4. Nf3 dxc4 5. a4 Bb4 6. e3 b5 7. Bd2 a5 8. axb5
Bxc3 9. Bxc3 cxb5 10. d5 Nf6 11. dxe6 Qxd1+ 12. Kxd1 Bxe6 13. Nd4 Bd7 14. Rxa5
Rxa5 15. Bxa5 Nc6 16. Nxc6 Bxc6 17. f3 O-O 18. Kc2 Ra8 19. Bd2 Ra1 20. e4 Nd7
21. Bc1 Nc5 22. Be2 Nb3 23. Rd1 Rxc1+ 24. Rxc1 Nxc1 25. Kxc1 Kf8 26. Kc2 Ke7
27. b3 Kd6 28. bxc4 b4 29. Kb3 Kc5 30. e5 g5 31. Bd3 h6 32. Bh7 g4 33. fxg4
Bxg2 34. Bg8 Bf3 35. Bxf7 Bd1+ 36. Kb2 Bxg4 37. e6 Kd6 38. Kb3 Bxe6 39. Bxe6
Kxe6 40. Kxb4 Kd6 41. Kb5 h5 42. Kb6 Kd7 43. h4 Kc8 44. Kc6 Kd8 45. Kb7 1-0

[Event "Open Olomouc 2009"]
[Site "Olomouc (CZE)"]
[Date "2009.08.09"]
[Round "5.12"]
[White "Kasparova, Tatiana"]
[Black "Dzupin, Dmitry"]
[Result "1/2-1/2"]
[WhiteElo "2169"]
[BlackElo "2270"]
[PlyCount "68"]
[EventDate "2009.08.06"]

1. e4 c5 2. Nf3 e6 3. d4 cxd4 4. Nxd4 Nf6 5. Bd3 Nc6 6. Nxc6 dxc6 7. O-O e5 8.
Nd2 Bc5 9. Nf3 Qe7 10. Qe2 O-O 11. Bg5 Bd7 12. Rad1 Rad8 13. a3 h6 14. Be3 Bg4
15. b4 Bxe3 16. Qxe3 Nh5 17. Rfe1 Rd6 18. Be2 Nf4 19. Rxd6 Qxd6 20. Bf1 Bxf3
21. Qxf3 Rd8 22. g3 Qd2 23. Re3 Ne6 24. Bc4 Ng5 25. Re2 Qd1+ 26. Kg2 Qd7 27.
Re1 Qh3+ 28. Kg1 Rd2 29. Bf1 Qd7 30. h4 Ne6 31. Bh3 Rxc2 32. Bxe6 Qxe6 33. Qd3
Qa2 34. Rf1 b5 1/2-1/2

[Event "Open Olomouc 2009"]
[Site "Olomouc (CZE)"]
[Date "2009.08.09"]
[Round "5.14"]
[White "Ptacnikova, Lenka"]
[Black "Chojnowski, Marcin"]
[Result "1-0"]
[WhiteElo "2258"]
[BlackElo "2122"]
[PlyCount "163"]
[EventDate "2009.08.06"]

1. e4 c5 2. Nc3 d6 3. g3 Nc6 4. Bg2 g6 5. d3 Bg7 6. f4 Rb8 7. Nf3 b5 8. O-O b4
9. Ne2 e5 10. a3 a5 11. axb4 axb4 12. c3 Nge7 13. Be3 bxc3 14. bxc3 O-O 15. Qd2
Bg4 16. fxe5 Nxe5 17. Nxe5 Bxe2 18. Rxf7 Rxf7 19. Nxf7 Kxf7 20. Qxe2 Bxc3 21.
Rf1+ Kg8 22. Qa2+ Kh8 23. Bg5 Bd4+ 24. Kh1 Qg8 25. Qa7 Nc6 26. Qc7 h6 27. Bxh6
Qh7 28. Qxc6 Qxh6 29. Qxd6 Re8 30. Rf4 Qg5 31. Bh3 Kg7 32. Be6 Be5 33. Rf7+ Kh6
34. Qd7 Qc1+ 35. Kg2 Rh8 36. Rf1 Qc3 37. Bc4 Bd4 38. Qg4 Qd2+ 39. Kh1 Qg5 40.
Qd7 Qe5 41. Rf4 Qe8 42. Qg4 Rf8 43. Qh3+ Kg7 44. Kg2 Be3 45. Rf3 Rxf3 46. Kxf3
Bd4 47. Qg4 Qa4 48. Qf4 Qd1+ 49. Kg2 Qe2+ 50. Kh3 Qh5+ 51. Qh4 Kh6 52. Qxh5+
Kxh5 53. Be6 Kg5 54. Kg2 Kf6 55. Bc4 g5 56. Kf3 Bg1 57. h3 Bd4 58. Kg4 Bf2 59.
h4 gxh4 60. Kxh4 Be1 61. Kg4 Bd2 62. Kh5 Be3 63. g4 Bf4 64. Bg8 Kg7 65. Be6 Kf6
66. Bf5 Be5 67. g5+ Kg7 68. Bd7 Bd4 69. Kg4 Kf7 70. Kf5 Ke7 71. Be6 Be3 72. Bc4
Bd2 73. g6 Bh6 74. Ke5 Bf8 75. Bf7 Bg7+ 76. Kd5 Bd4 77. e5 Ba1 78. Be6 Kf8 79.
Kd6 Bb2 80. Bf5 Ba3 81. Ke6 Kg7 82. Kd7 1-0

[Event "Open Olomouc 2009"]
[Site "Olomouc (CZE)"]
[Date "2009.08.09"]
[Round "5.15"]
[White "Zwardon, Vojtech"]
[Black "Saheb, Kamel"]
[Result "1-0"]
[WhiteElo "2231"]
[BlackElo "2111"]
[PlyCount "55"]
[EventDate "2009.08.06"]

1. f4 d5 2. Nf3 Nf6 3. b3 c5 4. e3 Nc6 5. Bb2 Bg4 6. h3 Bxf3 7. Qxf3 e6 8. Bd3
Bd6 9. Nc3 Rc8 10. g4 d4 11. Nb5 Nd5 12. O-O-O a6 13. Nxd6+ Qxd6 14. Be4 O-O
15. f5 b5 16. g5 c4 17. Kb1 Rfd8 18. f6 g6 19. h4 c3 20. h5 Rd7 21. hxg6 fxg6
22. Bxg6 Ne5 23. Bxh7+ Rxh7 24. Qe4 Qc7 25. Rxh7 Qxh7 26. Qxe5 Qf5 27. Qxf5
exf5 28. dxc3 1-0

[Event "Open Olomouc 2009"]
[Site "Olomouc (CZE)"]
[Date "2009.08.10"]
[Round "6.1"]
[White "Pozin, Sergey"]
[Black "Zilka, Stepan"]
[Result "0-1"]
[WhiteElo "2421"]
[BlackElo "2466"]
[PlyCount "72"]
[EventDate "2009.08.06"]

1. d4 d5 2. c4 c6 3. e3 Nf6 4. Nf3 Bg4 5. Qb3 Qc7 6. cxd5 Bxf3 7. gxf3 cxd5 8.
Nc3 e6 9. e4 Nc6 10. Be3 Bb4 11. Bb5 O-O 12. Bxc6 Bxc3+ 13. Qxc3 bxc6 14. Rg1
Qxh2 15. O-O-O Qc7 16. Kb1 Ne8 17. Rc1 Rc8 18. Qd2 Qd7 19. Rc5 f6 20. Rh1 Nd6
21. Qc2 g6 22. Ka1 f5 23. Bh6 Rf7 24. exd5 exd5 25. Rc1 Re7 26. b3 Nf7 27. Be3
Re6 28. Rg1 Kf8 29. Ra5 Qe7 30. Bc1 Kg7 31. Be3 f4 32. Bd2 Rc7 33. Qc3 Qh4 34.
Rg4 Qxf2 35. Rxf4 Rce7 36. Rc5 Re1+ 0-1

[Event "Open Olomouc 2009"]
[Site "Olomouc (CZE)"]
[Date "2009.08.10"]
[Round "6.2"]
[White "Nguyen, Piotr"]
[Black "Chernyshov, Konstantin"]
[Result "1/2-1/2"]
[WhiteElo "2368"]
[BlackElo "2555"]
[PlyCount "112"]
[EventDate "2009.08.06"]

1. f4 Nf6 2. Nf3 c5 3. g3 Nc6 4. Bg2 d5 5. O-O e6 6. d3 Be7 7. a4 O-O 8. c3 b6
9. Na3 Bb7 10. Qc2 d4 11. e4 dxe3 12. Bxe3 Ng4 13. Bd2 Qd7 14. Nc4 Rad8 15. h3
Nf6 16. Nfe5 Nxe5 17. Nxe5 Qc7 18. Be3 Nd7 19. Nc4 Bd5 20. Kh2 Nf6 21. Rad1
Rfe8 22. Ne5 Bd6 23. d4 c4 24. Ra1 Rc8 25. Ng4 Nd7 26. Bf3 Qb7 27. Qg2 f6 28.
Bd2 Bxf3 29. Rxf3 f5 30. Ne5 Nf6 31. Re3 Ne4 32. Be1 Qd5 33. Nf3 h6 34. Nd2 Nf6
35. Nf3 Rc7 36. Re2 g6 37. Ne5 Rg7 38. Qxd5 exd5 39. Bd2 Ne4 40. Kg2 g5 41. Kf3
Kh7 42. Be3 Bxe5 43. dxe5 g4+ 44. hxg4 Rxg4 45. Rg2 h5 46. Bf2 Kg6 47. Rh2 Rh8
48. Rah1 Rh7 49. Rh3 Rh6 50. R1h2 Nd2+ 51. Ke2 Nb3 52. Rh1 Rh8 53. Rd1 Rd8 54.
Kf3 Na5 55. Rdh1 Rh8 56. Rd1 Rd8 1/2-1/2

[Event "Open Olomouc 2009"]
[Site "Olomouc (CZE)"]
[Date "2009.08.10"]
[Round "6.3"]
[White "Kasparov, Sergey"]
[Black "Ptacnikova, Lenka"]
[Result "1-0"]
[WhiteElo "2487"]
[BlackElo "2258"]
[PlyCount "157"]
[EventDate "2009.08.06"]

1. d4 Nf6 2. c4 e6 3. Nf3 Bb4+ 4. Nbd2 b6 5. g3 Bb7 6. Bg2 O-O 7. O-O a5 8. Nb1
Be7 9. Nc3 Bb4 10. Na4 Be7 11. a3 d5 12. cxd5 Bxd5 13. Bg5 Nbd7 14. Rc1 Rc8 15.
Re1 Ne4 16. Bxe7 Qxe7 17. Qd3 c5 18. Ne5 Nxe5 19. dxe5 Qb7 20. f3 c4 21. Qd4
Nc5 22. Nxc5 bxc5 23. Qc3 Qb6 24. e4 Bc6 25. Red1 Ba4 26. Rd6 Qb5 27. Bf1 Bb3
28. Re1 h6 29. Re2 Rb8 30. Red2 a4 31. f4 Qb7 32. Bg2 Rfe8 33. f5 Rbc8 34. h4
Ba2 35. Kh2 Qb3 36. fxe6 Rxe6 37. Bh3 Rxd6 38. exd6 Rd8 39. d7 Qxc3 40. bxc3
Bb1 41. Rd5 Kf8 42. e5 g6 43. Rxc5 Bf5 44. Bxf5 gxf5 45. Rxc4 Rxd7 46. Rxa4 Rd5
47. Kg2 Ke7 48. Ra6 Rxe5 49. Rxh6 Rc5 50. a4 Rxc3 51. a5 Ra3 52. Ra6 Kf8 53.
Ra8+ Kg7 54. a6 Kh7 55. Kf2 Kg7 56. a7 Kh7 57. Ke2 Kg7 58. Kd2 Kh7 59. Kc2 Kg7
60. h5 Kh7 61. Kb2 Ra6 62. Kc3 Kg7 63. Kc4 Ra1 64. h6+ Kh7 65. Kd5 Ra5+ 66. Kd6
Ra1 67. Ke5 Ra5+ 68. Kf6 Ra4 69. Kxf5 Ra1 70. Kf6 Rf1+ 71. Ke7 Ra1 72. Kxf7 Ra6
73. Ke7 Ra1 74. g4 Re1+ 75. Kd6 Rd1+ 76. Kc5 Rc1+ 77. Kd4 Rd1+ 78. Kc3 Ra1 79.
g5 1-0

[Event "Open Olomouc 2009"]
[Site "Olomouc (CZE)"]
[Date "2009.08.10"]
[Round "6.4"]
[White "Rojicek, Vojtech"]
[Black "Zwardon, Vojtech"]
[Result "1-0"]
[WhiteElo "2405"]
[BlackElo "2231"]
[PlyCount "29"]
[EventDate "2009.08.06"]

1. d4 Nf6 2. c4 e5 3. dxe5 Ng4 4. Bf4 g5 5. Bg3 Bg7 6. Nf3 Nc6 7. h4 Ngxe5 8.
Nxe5 Nxe5 9. hxg5 Nxc4 10. Nc3 Qxg5 11. Rh4 Qc5 12. Rc1 Nb6 13. Nb5 Qxb5 14.
Re4+ Kd8 15. Bxc7# 1-0

[Event "Open Olomouc 2009"]
[Site "Olomouc (CZE)"]
[Date "2009.08.10"]
[Round "6.5"]
[White "Nemcova, Katerina"]
[Black "Strebkovs, Andrejs"]
[Result "0-1"]
[WhiteElo "2251"]
[BlackElo "2371"]
[PlyCount "113"]
[EventDate "2009.08.06"]

1. e4 e6 2. d4 d5 3. Nc3 Bb4 4. e5 c5 5. a3 Bxc3+ 6. bxc3 Ne7 7. Qg4 Kf8 8. Bd3
Qa5 9. Bd2 Qa4 10. Kd1 b6 11. h4 Ba6 12. Bxa6 Nxa6 13. Rh3 Rc8 14. Rf3 Nf5 15.
h5 cxd4 16. Rxf5 exf5 17. Qxf5 Qc6 18. cxd4 Qe6 19. Qf3 Rc4 20. Ne2 Nc7 21. c3
Ke8 22. h6 g6 23. Nf4 Qc6 24. Nd3 Qe6 25. Nf4 Qf5 26. g4 Qd7 27. Nd3 Rf8 28.
Nb4 a5 29. Nd3 Nb5 30. Nf4 Nc7 31. Rb1 Rc6 32. g5 Qf5 33. Rb2 Qd7 34. a4 Kd8
35. Rb5 Nxb5 36. axb5 Rc4 37. Nxd5 Ra4 38. Nxb6 Ra1+ 39. Kc2 Qxb5 40. Qa8+ Ke7
41. Nd5+ Ke6 42. Nc7+ Kd7 43. Nxb5 Rxa8 44. Bc1 a4 45. Kb2 Rxc1 46. Kxc1 a3 47.
Kb1 a2+ 48. Ka1 Kc6 49. c4 Ra4 50. Nd6 Ra7 51. Ne4 Kc7 52. Nd6 Kc6 53. f4 Ra4
54. d5+ Kc5 55. Nxf7 Kxc4 56. Nd6+ Kb3 57. Nb7 0-1

[Event "Open Olomouc 2009"]
[Site "Olomouc (CZE)"]
[Date "2009.08.10"]
[Round "6.6"]
[White "Jasny, Stanislav"]
[Black "Stachanczyk, Jacek"]
[Result "1-0"]
[WhiteElo "2364"]
[BlackElo "2205"]
[PlyCount "71"]
[EventDate "2009.08.06"]

1. e4 c5 2. Nf3 d6 3. d4 cxd4 4. Nxd4 Nf6 5. Nc3 g6 6. Be3 Bg7 7. f3 Nc6 8. Qd2
O-O 9. Bc4 Bd7 10. Bb3 Rc8 11. O-O-O Ne5 12. Kb1 Re8 13. h4 Nc4 14. Bxc4 Rxc4
15. g4 Qa5 16. Nb3 Qe5 17. Bd4 Qe6 18. Rhe1 Rec8 19. Qd3 Ne8 20. Bxg7 Kxg7 21.
e5 Ba4 22. Nd4 Qd7 23. e6 fxe6 24. Nxe6+ Kg8 25. h5 Ng7 26. Nxg7 Kxg7 27. hxg6
hxg6 28. Qe3 Bc6 29. Qg5 e6 30. Rh1 Rg8 31. Ne4 Bxe4 32. fxe4 Kf8 33. Qf4+ Ke8
34. Rxd6 Rxe4 35. Qd2 Qe7 36. Rd1 1-0

[Event "Open Olomouc 2009"]
[Site "Olomouc (CZE)"]
[Date "2009.08.10"]
[Round "6.7"]
[White "Bigg, Andrew"]
[Black "Ter-Karapetian, Alex"]
[Result "1/2-1/2"]
[WhiteElo "2289"]
[BlackElo "2191"]
[PlyCount "74"]
[EventDate "2009.08.06"]

1. d4 d5 2. Nf3 Nf6 3. c4 c6 4. Nc3 e6 5. Bg5 Nbd7 6. cxd5 exd5 7. Qc2 Be7 8.
e3 O-O 9. Bd3 h6 10. Bxf6 Nxf6 11. h3 Be6 12. g4 Nd7 13. O-O-O b5 14. Kb1 Rc8
15. Bh7+ Kh8 16. Bf5 a5 17. h4 a4 18. Ne2 Bd6 19. Rh3 Bxf5 20. Qxf5 Qe7 21. g5
Qe6 22. Qxe6 fxe6 23. Rf1 b4 24. h5 Kh7 25. gxh6 gxh6 26. Nh4 c5 27. Ng6 Rf6
28. f4 a3 29. Rg1 cxd4 30. exd4 axb2 31. Rhg3 Nb6 32. Kxb2 Nc4+ 33. Ka1 Rf7 34.
Ne5 Ra7 35. Nc1 Nd2 36. Kb2 Rac7 37. Nb3 Rc2+ 1/2-1/2

[Event "Open Olomouc 2009"]
[Site "Olomouc (CZE)"]
[Date "2009.08.10"]
[Round "6.8"]
[White "Strekalovski, Viktor"]
[Black "Neumeier, Lars"]
[Result "0-1"]
[WhiteElo "2147"]
[BlackElo "2277"]
[PlyCount "86"]
[EventDate "2009.08.06"]

1. e4 d5 2. exd5 Qxd5 3. Nc3 Qa5 4. Rb1 c6 5. b4 Qc7 6. Qf3 Nf6 7. Bc4 Bg4 8.
Qe3 Nbd7 9. h3 Bf5 10. d3 e6 11. g4 Bg6 12. f4 Be7 13. Nge2 Nb6 14. O-O O-O-O
15. Bb3 h5 16. g5 Nfd5 17. Nxd5 cxd5 18. Bb2 Bxb4 19. Bxg7 Rhg8 20. Be5 Bd6 21.
Nd4 Qc5 22. h4 Rge8 23. Kh2 Bxe5 24. fxe5 Nc4 25. Bxc4 dxc4 26. Nf5 Qxe3 27.
Nxe3 cxd3 28. cxd3 Rxd3 29. Nc4 Red8 30. Rb3 Rxb3 31. axb3 Rd4 32. Nd6+ Kd7 33.
Ra1 Rxh4+ 34. Kg3 Rg4+ 35. Kf3 Rxg5 36. Rxa7 Rxe5 37. Nxb7 Rf5+ 38. Ke3 Kc7 39.
Nd8+ Kxd8 40. Kd4 Rd5+ 41. Kc4 h4 42. Ra8+ Ke7 43. b4 h3 0-1

[Event "Open Olomouc 2009"]
[Site "Olomouc (CZE)"]
[Date "2009.08.10"]
[Round "6.9"]
[White "Plischki, Sebastian"]
[Black "Ilandzis, Spyridon"]
[Result "0-1"]
[WhiteElo "2368"]
[BlackElo "2173"]
[PlyCount "62"]
[EventDate "2009.08.06"]

1. Nf3 b5 2. e4 Bb7 3. Bxb5 Bxe4 4. d4 Nf6 5. O-O e6 6. c4 Be7 7. Nc3 Bb7 8.
Re1 O-O 9. d5 Na6 10. a3 Nc5 11. b4 Na6 12. Ra2 Re8 13. Bf4 Nb8 14. Ba4 a5 15.
b5 exd5 16. cxd5 Bc5 17. Rxe8+ Nxe8 18. Qd3 d6 19. Bc2 Nf6 20. Bg5 Nbd7 21. Bb1
Qf8 22. Nd4 Re8 23. Kf1 Ne5 24. Qc2 Bxd4 25. Bxf6 g6 26. Qd2 Bxc3 27. Qxc3 Bxd5
28. Rb2 Qh6 29. Kg1 Qf4 30. Bxe5 Rxe5 31. Bd3 Bxg2 0-1

[Event "Open Olomouc 2009"]
[Site "Olomouc (CZE)"]
[Date "2009.08.10"]
[Round "6.10"]
[White "Maslak, Alexander"]
[Black "Tikkanen, Hans"]
[Result "1/2-1/2"]
[WhiteElo "2191"]
[BlackElo "2434"]
[PlyCount "44"]
[EventDate "2009.08.06"]

1. e4 d5 2. exd5 Nf6 3. d4 Nxd5 4. Nf3 g6 5. c4 Nb6 6. h3 Bg7 7. Nc3 O-O 8. Be3
Nc6 9. Be2 e5 10. dxe5 Nxe5 11. Nxe5 Bxe5 12. Qxd8 Rxd8 13. Rc1 Bf5 14. b3 Bd4
15. Bxd4 Rxd4 16. O-O c6 17. Rfd1 Rad8 18. Rxd4 Rxd4 19. Rd1 Rxd1+ 20. Bxd1 Kf8
21. f4 Ke7 22. g4 Bc8 1/2-1/2

[Event "Open Olomouc 2009"]
[Site "Olomouc (CZE)"]
[Date "2009.08.10"]
[Round "6.12"]
[White "Dukaczewski, Piotr"]
[Black "Kasparova, Tatiana"]
[Result "1-0"]
[WhiteElo "2282"]
[BlackElo "2169"]
[PlyCount "53"]
[EventDate "2009.08.06"]

1. e4 c6 2. d4 d5 3. exd5 cxd5 4. Bd3 Nc6 5. c3 Nf6 6. Bf4 Bg4 7. Qb3 Na5 8.
Qa4+ Bd7 9. Qc2 Qb6 10. a4 a6 11. Nf3 Bg4 12. Ne5 Bh5 13. Nd2 e6 14. O-O Bg6
15. Nxg6 hxg6 16. b4 Nc6 17. Rfe1 Rc8 18. a5 Qd8 19. Bxg6 fxg6 20. Qxg6+ Kd7
21. Rxe6 Kxe6 22. Re1+ Ne5 23. Rxe5+ Kd7 24. Qf5+ Kc6 25. Re6+ Bd6 26. Bxd6
Qxd6 27. Nc4 1-0

[Event "Open Olomouc 2009"]
[Site "Olomouc (CZE)"]
[Date "2009.08.10"]
[Round "6.13"]
[White "Falkowski, Dawid"]
[Black "Schulz, Joern"]
[Result "1/2-1/2"]
[WhiteElo "2067"]
[BlackElo "2281"]
[PlyCount "80"]
[EventDate "2009.08.06"]

1. e4 c5 2. Nc3 Nc6 3. f4 e6 4. Nf3 a6 5. d4 cxd4 6. Nxd4 d6 7. Be3 Qc7 8. Be2
Be7 9. O-O Nf6 10. a4 O-O 11. Kh1 Re8 12. Nb3 b6 13. Qd2 Rb8 14. Bf3 Bb7 15.
Qf2 Nd7 16. Nd2 Nc5 17. Rab1 Nb4 18. Nb3 Bc6 19. Nd4 Bxa4 20. Nxa4 Nxa4 21. e5
d5 22. f5 Qxe5 23. c3 exf5 24. cxb4 Bd6 25. g3 Qxe3 26. Qxe3 Rxe3 27. Nxf5 Rxf3
28. Rxf3 Bxb4 29. Ra1 b5 30. b3 g6 31. Nh6+ Kg7 32. bxa4 Kxh6 33. axb5 a5 34.
Rxf7 Rxb5 35. Rd1 Bc3 36. Ra7 d4 37. Kg2 Rb2+ 38. Kh3 Rb5 39. Kg4 Rd5 40. Rd3
Rg5+ 1/2-1/2

[Event "Open Olomouc 2009"]
[Site "Olomouc (CZE)"]
[Date "2009.08.10"]
[Round "6.14"]
[White "Dzupin, Dmitry"]
[Black "Korchagina, Victoria"]
[Result "1-0"]
[WhiteElo "2270"]
[BlackElo "2166"]
[PlyCount "81"]
[EventDate "2009.08.06"]

1. d4 Nf6 2. Nf3 g6 3. c4 Bg7 4. g3 O-O 5. Bg2 d6 6. Nc3 Nbd7 7. O-O e5 8. h3
a6 9. e4 b5 10. dxe5 dxe5 11. Qe2 c6 12. Rd1 Qe7 13. b3 Rb8 14. Bb2 Nc5 15. b4
Nb7 16. c5 a5 17. a3 Ne8 18. Qe1 Be6 19. Rd2 Bb3 20. Qe3 a4 21. Re1 Nc7 22. Nb1
Rbe8 23. h4 Nd8 24. Kh2 f6 25. Rd6 Nf7 26. Rxc6 f5 27. exf5 gxf5 28. Nd4 exd4
29. Qxe7 Rxe7 30. Rxe7 Nd5 31. Ra7 Nc3 32. Nd2 Ne5 33. Rcc7 Bf7 34. c6 Bh6 35.
Nf3 Ng4+ 36. Kg1 f4 37. Rxf7 fxg3 38. Rxf8+ Bxf8 39. Nxd4 gxf2+ 40. Kf1 Nd1 41.
Bc1 1-0

[Event "Open Olomouc 2009"]
[Site "Olomouc (CZE)"]
[Date "2009.08.10"]
[Round "6.15"]
[White "Svancara, Petr"]
[Black "Karasik, Evgeny"]
[Result "0-1"]
[WhiteElo "2164"]
[BlackElo "2268"]
[PlyCount "98"]
[EventDate "2009.08.06"]

1. e4 c5 2. Nf3 e6 3. Nc3 Nc6 4. Bb5 Nd4 5. Nxd4 cxd4 6. Ne2 Qg5 7. Bd3 Qxg2 8.
Rg1 Qxh2 9. c3 Bc5 10. b4 Bb6 11. c4 d6 12. Ba3 Nf6 13. c5 Bc7 14. Qc2 d5 15.
exd5 Nxd5 16. O-O-O Qe5 17. Rde1 Bd7 18. Ng3 Qf4 19. Nh5 Qf3 20. Nxg7+ Kd8 21.
Kb2 Ba4 22. Qc4 Qf4 23. Re4 Qxd2+ 24. Ka1 Qc3+ 25. Qxc3 Nxc3 26. Rxd4+ Kc8 27.
Bb2 Nd1 28. Rxd1 Bxd1 29. Bc4 Rd8 30. Rxd8+ Bxd8 31. Ne8 Be7 32. Be5 Kd8 33.
Nd6 Bxd6 34. Bxd6 Ba4 35. b5 Kd7 36. Bf4 Rg8 37. Be2 Rg1+ 38. Kb2 Bd1 39. Bd3
h5 40. Be4 Rg4 41. c6+ bxc6 42. Bxc6+ Kc8 43. Be3 Be2 44. f4 Kc7 45. Bxa7 Rxf4
46. a3 Bf3 47. Be8 Bd5 48. a4 Kb7 49. b6 Bc6 0-1

[Event "Open Olomouc 2009"]
[Site "Olomouc (CZE)"]
[Date "2009.08.10"]
[Round "6.11"]
[White "Kratochvil, Josef"]
[Black "Ianov, Viktor"]
[Result "0-1"]
[WhiteElo "2179"]
[BlackElo "2364"]
[PlyCount "87"]
[EventDate "2009.08.06"]

1. e4 d6 2. d4 g6 3. Nc3 Bg7 4. Be3 a6 5. a4 Nf6 6. Qd2 Nc6 7. h3 O-O 8. f4 e5
9. fxe5 dxe5 10. d5 Nd4 11. Nge2 Re8 12. Ng3 Nd7 13. Bd3 Nc5 14. O-O Nxd3 15.
Qxd3 c6 16. Nge2 c5 17. Qd2 Qd6 18. Ng3 Bd7 19. Rf2 b5 20. Raf1 Rf8 21. Bh6 f6
22. Bxg7 Kxg7 23. axb5 axb5 24. Nce2 Nc6 25. Nc3 Ne7 26. Qe2 c4 27. Nd1 h5 28.
Ne3 Rf7 29. c3 Ra2 30. Qc2 Qc5 31. Qc1 Nc8 32. Kh2 Nd6 33. h4 b4 34. Rf3 bxc3
35. Qxc3 Qd4 36. Qb4 Ra6 37. Rd1 Qb6 38. Qxb6 Rxb6 39. Rc1 Rb4 40. Rf2 Ba4 41.
Nd1 Bxd1 42. Rxd1 Rfb7 43. Rdf1 Ne8 44. Rc1 {necitelny zapis} 0-1

[Event "Open Olomouc 2009"]
[Site "Olomouc (CZE)"]
[Date "2009.08.11"]
[Round "7.1"]
[White "Zilka, Stepan"]
[Black "Kasparov, Sergey"]
[Result "1-0"]
[WhiteElo "2466"]
[BlackElo "2487"]
[PlyCount "229"]
[EventDate "2009.08.06"]

1. d4 d5 2. c4 c6 3. Nf3 Nf6 4. e3 Bf5 5. Nc3 e6 6. Nh4 Bg6 7. Be2 Nbd7 8. O-O
Bd6 9. g3 a6 10. c5 Be7 11. a3 b6 12. b4 Ne4 13. Nxe4 Bxe4 14. f3 Bg6 15. Nxg6
hxg6 16. Bb2 O-O 17. Qa4 b5 18. Qc2 Qc7 19. f4 f5 20. a4 Nf6 21. Ra3 Ne4 22.
Rfa1 Rab8 23. axb5 axb5 24. Bd3 g5 25. Bxe4 fxe4 26. Qe2 gxf4 27. gxf4 Rb7 28.
Qg4 Qd7 29. Bc3 Bf6 30. Be1 Qf7 31. Bg3 Re7 32. Ra6 Rc8 33. f5 exf5 34. Qxf5
Qe6 35. Qxe6+ Rxe6 36. Bf4 Kf7 37. Kg2 Kg6 38. Kg3 Bg5 39. Bxg5 Kxg5 40. Rf1
Rc7 41. h4+ Kg6 42. Kg4 Kh7 43. Rf5 Rg6+ 44. Kf4 Rh6 45. h5 g6 46. Rf6 gxh5 47.
Rxh6+ Kxh6 48. Ke5 h4 49. Kd6 Rg7 50. Kxc6 Rg6+ 51. Kxb5 Rxa6 52. Kxa6 h3 53.
c6 h2 54. c7 h1=Q 55. c8=Q Qa1+ 56. Kb6 Qa3 57. Qh3+ Kg5 58. Qg3+ Kh5 59. b5
Qb3 60. Qf4 Kg6 61. Qg4+ Kf6 62. Qg3 Kf5 63. Qe5+ Kg4 64. Qf4+ Kh3 65. Qf2 Kg4
66. Qe2+ Kg3 67. Kc5 Qd3 68. Qxd3 exd3 69. b6 d2 70. b7 d1=Q 71. b8=Q+ Kf2 72.
Qf4+ Ke1 73. Kxd5 Qa4 74. Qe5 Kd2 75. Ke6 Qe8+ 76. Kf6 Qf8+ 77. Kg6 Qg8+ 78.
Kh6 Qf8+ 79. Kg5 Qg8+ 80. Kf4 Qf7+ 81. Qf5 Qc7+ 82. Kf3 Qc4 83. Qa5+ Kd1 84.
Qe5 Qf1+ 85. Kg3 Qg1+ 86. Kh4 Qh1+ 87. Kg5 Qg2+ 88. Kf6 Qf3+ 89. Kg6 Qg4+ 90.
Kh6 Kd2 91. d5 Qh4+ 92. Kg6 Qg4+ 93. Kf6 Qh4+ 94. Ke6 Qg4+ 95. Ke7 Qh4+ 96. Ke8
Qa4+ 97. Kf8 Qa8+ 98. Kf7 Qa7+ 99. Kf6 Qh7 100. Qd4+ Ke2 101. d6 Qh6+ 102. Ke7
Qg5+ 103. Kd7 Qb5+ 104. Kc7 Qa5+ 105. Qb6 Qe5 106. Kb7 Qd5+ 107. Ka7 Qe6 108.
Qc5 Ke1 109. Kb6 Qf7 110. e4 Qe8 111. Qb4+ Kf2 112. Qd4+ Kf3 113. Kc7 Qa8 114.
d7 Qa7+ 115. Qxa7 1-0

[Event "Open Olomouc 2009"]
[Site "Olomouc (CZE)"]
[Date "2009.08.11"]
[Round "7.2"]
[White "Chernyshov, Konstantin"]
[Black "Rojicek, Vojtech"]
[Result "1-0"]
[WhiteElo "2555"]
[BlackElo "2405"]
[PlyCount "71"]
[EventDate "2009.08.06"]

1. d4 Nf6 2. Nf3 e6 3. g3 b5 4. Bg2 Bb7 5. O-O Be7 6. Bg5 d6 7. a4 b4 8. a5 O-O
9. c3 Na6 10. Qd3 Rb8 11. h4 c5 12. Bxf6 gxf6 13. e3 bxc3 14. bxc3 cxd4 15.
exd4 Nc7 16. a6 Bc6 17. c4 d5 18. Rc1 Qd7 19. Nc3 dxc4 20. Qxc4 Rb4 21. Qe2
Rfb8 22. Ne4 Bb5 23. Qd2 Rc4 24. Rxc4 Bxc4 25. Rc1 Bd5 26. Qf4 Nxa6 27. Nxf6+
Bxf6 28. Qxf6 Qb7 29. h5 Nc7 30. Ne5 Ne8 31. Qg5+ Kf8 32. Bxd5 Qxd5 33. Qf4 Rb7
34. Kh2 Nd6 35. Qf6 Rb2 36. Rc8+ 1-0

[Event "Open Olomouc 2009"]
[Site "Olomouc (CZE)"]
[Date "2009.08.11"]
[Round "7.3"]
[White "Strebkovs, Andrejs"]
[Black "Jasny, Stanislav"]
[Result "1-0"]
[WhiteElo "2371"]
[BlackElo "2364"]
[PlyCount "93"]
[EventDate "2009.08.06"]

1. d4 Nf6 2. c4 g6 3. Nc3 Bg7 4. e4 d6 5. f3 O-O 6. Be3 a6 7. Qd2 Nbd7 8. Nh3
c5 9. Nf2 cxd4 10. Bxd4 e6 11. Be2 Qc7 12. Rc1 b6 13. O-O Bb7 14. Rfd1 Ne8 15.
Bxg7 Kxg7 16. Qd4+ Kg8 17. Ng4 h5 18. Nf2 Qc5 19. Qd2 Rd8 20. a3 Qe5 21. b4 Qg7
22. Qe3 Bc6 23. b5 Ba8 24. Na4 Rb8 25. bxa6 Nc5 26. Nc3 Nxa6 27. Nb5 Nc5 28.
Nxd6 Nxd6 29. Rxd6 Qb2 30. Rcd1 Rfc8 31. R6d2 Qe5 32. Nd3 Qc3 33. Qf4 Nd7 34.
Nb4 Nc5 35. Nd3 Nd7 36. Qd6 Bc6 37. Qb4 Qd4+ 38. Nf2 Qe3 39. Bf1 Nc5 40. Rd6 h4
41. Re1 Qf4 42. Qd2 Qxd2 43. Rxd2 Ra8 44. Rb1 Nd7 45. Rb3 Ra4 46. Nd3 Rxc4 47.
Nb4 1-0

[Event "Open Olomouc 2009"]
[Site "Olomouc (CZE)"]
[Date "2009.08.11"]
[Round "7.4"]
[White "Ilandzis, Spyridon"]
[Black "Nguyen, Piotr"]
[Result "0-1"]
[WhiteElo "2173"]
[BlackElo "2368"]
[PlyCount "68"]
[EventDate "2009.08.06"]

1. Nf3 g6 2. d4 Bg7 3. c4 f5 4. Nc3 Nf6 5. Qc2 c5 6. d5 Na6 7. e4 d6 8. e5 Nb4
9. Qe2 dxe5 10. Nxe5 Ne4 11. Bf4 O-O 12. h4 Qa5 13. Rh3 e6 14. d6 Rd8 15. h5 g5
16. h6 Bf6 17. Qh5 Rf8 18. Nxe4 Nd3+ 19. Kd1 Qe1+ 20. Kc2 Nb4+ 21. Kb3 Qxe4 22.
Rg3 Qxf4 23. Re1 Nc6 24. Nd3 Na5+ 25. Kc2 Qxd6 26. Rxg5+ Kh8 27. g4 Nc6 28.
gxf5 exf5 29. Re8 Be6 30. Rxa8 Rxa8 31. Bg2 Rd8 32. Rg3 Nb4+ 33. Nxb4 Qd2+ 34.
Kb3 Qxb4+ 0-1

[Event "Open Olomouc 2009"]
[Site "Olomouc (CZE)"]
[Date "2009.08.11"]
[Round "7.5"]
[White "Neumeier, Lars"]
[Black "Bigg, Andrew"]
[Result "0-1"]
[WhiteElo "2277"]
[BlackElo "2289"]
[PlyCount "88"]
[EventDate "2009.08.06"]

1. Nf3 d6 2. d4 Nf6 3. c4 g6 4. Nc3 Bg7 5. e4 O-O 6. Be2 e5 7. O-O Nc6 8. d5
Ne7 9. b4 Ne8 10. a4 f5 11. Nd2 Nf6 12. c5 Bh6 13. Nc4 Bxc1 14. Rxc1 Nxe4 15.
Nxe4 fxe4 16. Ne3 Nf5 17. cxd6 cxd6 18. Bg4 Qg5 19. Nc4 Nd4 20. Bxc8 Raxc8 21.
Kh1 Nf5 22. Qe2 Rc7 23. Qxe4 Rfc8 24. f4 Qh5 25. Rc3 Rxc4 26. Rxc4 Ng3+ 27. Kg1
Nxe4 28. Rxc8+ Kg7 29. Rc7+ Kf6 30. Re1 Qf5 31. Rc4 Nd2 32. fxe5+ dxe5 33. Rc5
Qg4 34. Kh1 Qxb4 35. Rb5 Qxa4 36. Rxb7 Qd4 37. Rxh7 a5 38. Rh8 Qxd5 39. h4 Kg7
40. Re8 e4 41. Rc1 Nc4 42. Rc8 Ne5 43. R8c7+ Kh6 44. Re7 Ng4 0-1